Concise oxford dictionary. / (Record no. 910)

MARC details
000 -LEADER
fixed length control field 00679nam a22001577a 4500
008 - FIXED-LENGTH DATA ELEMENTS--GENERAL INFORMATION
fixed length control field 120517t xxu||||| |||| 00| 0 eng d
245 ## - TITLE STATEMENT
Title Concise oxford dictionary. /
Statement of responsibility, etc. edited by Catherine Soanes and Angus Stevenson
250 ## - EDITION STATEMENT
Edition statement 11th ed.
260 ## - PUBLICATION, DISTRIBUTION, ETC.
Place of publication, distribution, etc. New York:
Name of publisher, distributor, etc. Oxford University Press,
Date of publication, distribution, etc. c2006.
300 ## - PHYSICAL DESCRIPTION
Extent xx, 1704 p:
Dimensions 24cm.
505 ## - FORMATTED CONTENTS NOTE
Formatted contents note Contents: Editorial team -- Preface -- Introduction -- Guide to the use of the dictionary -- Abbreviations used in the dictionary -- Note on trademarks and proprietary status -- Concise Oxford english dictionary -- Appendices.
650 ## - SUBJECT ADDED ENTRY--TOPICAL TERM
Topical term following geographic name entry element Dictionary
700 ## - ADDED ENTRY--PERSONAL NAME
Personal name Soanes, Catherine
700 ## - ADDED ENTRY--PERSONAL NAME
Personal name Stevenson, Angus
942 ## - ADDED ENTRY ELEMENTS (KOHA)
Source of classification or shelving scheme Library of Congress Classification
Koha item type Books
Holdings
Withdrawn status Lost status Source of classification or shelving scheme Damaged status Not for loan Home library Current library Shelving location Date acquired Total Checkouts Barcode Date last seen Price effective from Koha item type Source of acquisition Full call number Copy number
    Library of Congress Classification     WISCONSIN INTERNATIONAL UNIVERSITY COLLEGE, GHANA - MAIN LIBRARY WISCONSIN INTERNATIONAL UNIVERSITY COLLEGE, GHANA - MAIN LIBRARY General Stacks 17/05/2012   1919/12 17/05/2012 17/05/2012 Books      
    Library of Congress Classification     WISCONSIN INTERNATIONAL UNIVERSITY COLLEGE, GHANA KUMASI LIBRARY WISCONSIN INTERNATIONAL UNIVERSITY COLLEGE, GHANA KUMASI LIBRARY General Stacks 21/11/2019   KSL/332/332/19 28/02/2022 17/05/2012 Books STM PE1628.C68(11e) 1
    Library of Congress Classification     WISCONSIN INTERNATIONAL UNIVERSITY COLLEGE, GHANA KUMASI LIBRARY WISCONSIN INTERNATIONAL UNIVERSITY COLLEGE, GHANA KUMASI LIBRARY General Stacks 21/11/2019   KSL/333/333/19 28/02/2022 17/05/2012 Books STM PE1628.C681(11e) 2

If you have any concerns or questions; kindly contact the library


© Powered by WIUC ICT DIRECTORATE